000 01513nam a2200397 i 4500
001 112513
003 FINmELB
005 20241217174335.0
006 m o u
007 cr cn|||||||||
008 190916s2018 sp o 000 0 spa d
020 _a9788417577377
_q(e-book)
020 _z9788417577025
035 _a(OCoLC)1126310519
040 _aFINmELB
_bspa
_erda
_cFINmELB
050 1 4 _aCS2375.S7
_bM971 2018
080 _a929.52:81`373.232
082 0 4 _a929.40946
_223
100 1 _aMuñoz Lorente, Gerardo.
245 1 0 _aApellidos alicantinos /
_cGerardo Muñoz Lorente.
264 1 _aSan Vicente (Alicante) :
_bEditorial Club Universitario,
_c2018.
300 _a1 recurso en línea (349 páginas)
336 _atexto
_btxt
_2rdamedia/spa
337 _acomputadora
_bc
_2rdamedia/spa
338 _arecurso en línea
_2rdacarrier/spa
588 _aDescripción basada en metadatos suministrados por el editor y otras fuentes.
590 _aRecurso electrónico. Santa Fe, Arg.: elibro, 2019. Disponible vía World Wide Web. El acceso puede estar limitado para las bibliotecas afiliadas a elibro.
650 0 _aNames, Personal
_zSpain.
650 4 _aNombres personales
_zEspaña.
651 0 _aAlicante (Spain : Province)
_vBiography.
651 4 _aAlicante (España: Provincia)
_vBiografía.
655 4 _aLibros electrónicos.
797 2 _aelibro, Corp.
856 4 0 _uhttps://elibro.net/ereader/politecnicointernacional/105990
999 _c112513
_d112513